Espiritualidad para insatisfechos /

Detalles Bibliográficos
Autor principal: Castillo, José María, 1929- (Autor)
Formato: Electrónico eBook
Lenguaje:español
Publicado: [Madrid] : Editorial Trotta, [2023]
Colección:Colección Estructuras y procesos. Serie Religión.
Materias:
Acceso en línea:Digitalia Hispánica

MARC

LEADER 00000nam a2200000 i 4500
001 DIGTRO0242
003 NyNyDIG
007 cr |||||||||||
008 231019t20232007sp ob 000 0 spa d
006 m o d
035 |a (OCoLC)1406036751 
040 |a DGITA  |b eng  |e rda  |e pn  |c DGITA 
020 |a 9788413641348  |q (edición digital e-pub) 
020 |z 9788481648768 
050 1 4 |a BV4501.3 ebook 
100 1 |a Castillo, José María,  |d 1929-  |e author. 
245 1 0 |a Espiritualidad para insatisfechos /  |c José M. Castillo. 
264 1 |a [Madrid] :  |b Editorial Trotta,  |c [2023] 
264 4 |c ©2007 
300 |a 1 online resource. 
336 |a text  |b txt  |2 rdacontent 
337 |a computer  |b c  |2 rdamedia 
338 |a online resource  |b cr  |2 rdacarrier 
347 |a text file  |2 rdaft 
347 |b EPUB 
490 1 |a Colección Estructuras y procesos. Serie Religión 
504 |a Includes bibliographical references. 
588 0 |a Online resource; title from ePub title page (Digitalia, viewed October 19, 2023) 
650 0 |a Spirituality. 
650 0 |a Spiritual life  |x Christianity. 
791 2 |a Digitalia (Firm),  |e distributor. 
793 0 |g Digitalia eBook Collection:  |a Trotta Editorial 
776 0 8 |i Print version:  |a Castillo, José María, 1929-  |t Espiritualidad para insatisfechos.  |b Quinta edición.  |d Madrid : Editorial Trotta, [2011]  |z 9788481648768 
830 0 |a Colección Estructuras y procesos.  |p Serie Religión. 
856 4 0 |3 Digitalia Hispánica  |u https://www.digitaliapublishing.com/a/130596/ 
910 |a Premium collection: 2023